[Event "ALG-ch"]
[Site "Algiers"]
[Date "2016.01.20"]
[Round "7"]
[White "Oueld Mohamed, Othmane"]
[Black "Benelouzzane, Mourad"]
[Result "0-1"]
[WhiteElo "1686"]
[BlackElo "1659"]
[PlyCount "80"]
[EventDate "2016.01.16"]
[EventType "swiss"]
[EventRounds "9"]
[EventCountry "ALG"]
[SourceTitle "CBM 170 Extra"]
[Source "ChessBase"]
[SourceDate "2016.02.25"]
[SourceVersion "1"]
[SourceVersionDate "2016.02.25"]
[SourceQuality "1"]

1. e4 d6 2. d4 Nf6 3. Nc3 e5 4. dxe5 dxe5 5. Qxd8+ Kxd8 6. Bg5 Be6 7. 0-0-0+ Nbd7 8. Nf3 Kc8 9. Bd3 c6 10. h3 Kc7 11. Be3 h6 12. Kb1 b5 13. Nd2 Bc5 14. Bxc5 Nxc5 15. Nb3 Bxb3 16. axb3 b4 17. Na2 a5 18. f3 Nh5 19. g3 g5 20. Rhg1 Rad8 21. Nc1 Rd7 22. Ne2 Rhd8 23. g4 Ng7 24. Nc1 Nge6 25. Ka2 Nf4 26. Be2 Rd2 27. Rxd2 Rxd2 28. Bc4 f6 29. Kb1 Rf2 30. Rg3 Rh2 31. c3 Nxh3 32. cxb4 axb4 33. Ne2 Nf4 34. Nxf4 exf4 35. Rg1 Rf2 36. Rf1 Rxf1+ 37. Bxf1 Kd6 38. Kc2 Ke5 39. Bd3 Kd4 40. Bf1 Ke3 0-1

[Event "ALG-ch"]
[Site "Algiers"]
[Date "2016.01.19"]
[Round "6"]
[White "Oueld Mohamed, Othmane"]
[Black "Mostaine Boucetta, Brahim"]
[Result "1-0"]
[WhiteElo "1686"]
[BlackElo "1751"]
[PlyCount "91"]
[EventDate "2016.01.16"]
[EventType "swiss"]
[EventRounds "9"]
[EventCountry "ALG"]
[SourceTitle "CBM 170 Extra"]
[Source "ChessBase"]
[SourceDate "2016.02.25"]
[SourceVersion "1"]
[SourceVersionDate "2016.02.25"]
[SourceQuality "1"]

1. e4 c5 2. Nf3 g6 3. d4 cxd4 4. Nxd4 Nc6 5. Nc3 Bg7 6. Be3 Nf6 7. Bc4 0-0 8. f3 Qb6 9. Bb3 Nxe4 10. Nd5 Qa5+ 11. c3 Nc5 12. Nxc6 dxc6 13. Nxe7+ Kh8 14. Nxc8 Raxc8 15. 0-0 Rfe8 16. Bd4 Ne6 17. Bxg7+ Kxg7 18. Bxe6 Rxe6 19. Qd4+ Kg8 20. Rfd1 Re2 21. Rd2 Rxd2 22. Qxd2 Rd8 23. Qe3 b5 24. Qc5 Qb6 25. Qxb6 axb6 26. Rf1 c5 27. g4 Kg7 28. g5 h6 29. h4 Ra8 30. a3 b4 31. axb4 cxb4 32. c4 Rc8 33. b3 Rd8 34. Kg2 Rd3 35. Rb1 Rd2+ 36. Kg3 f5 37. Re1 hxg5 38. hxg5 Kf7 39. Kf4 Rd3 40. Re3 Rd6 41. Re5 Rd4+ 42. Ke3 Rd6 43. Rb5 Re6+ 44. Kd4 Rd6+ 45. Ke3 Re6+ 46. Kf4 1-0

[Event "ALG-ch"]
[Site "Algiers"]
[Date "2016.01.18"]
[Round "4"]
[White "Berrached, Mohamed"]
[Black "Oueld Mohamed, Othmane"]
[Result "1-0"]
[WhiteElo "2081"]
[BlackElo "1686"]
[PlyCount "88"]
[EventDate "2016.01.16"]
[EventType "swiss"]
[EventRounds "9"]
[EventCountry "ALG"]
[SourceTitle "CBM 170 Extra"]
[Source "ChessBase"]
[SourceDate "2016.02.25"]
[SourceVersion "1"]
[SourceVersionDate "2016.02.25"]
[SourceQuality "1"]

1. e4 b6 2. d4 Bb7 3. Bd3 Nf6 4. Qe2 e6 5. Bg5 h6 6. Bh4 Be7 7. Nd2 c5 8. Ngf3 Nc6 9. c3 cxd4 10. Nxd4 Ne5 11. Bc2 0-0 12. f4 Ng6 13. Bg3 Re8 14. 0-0 d5 15. e5 Nd7 16. Nxe6 fxe6 17. Bxg6 Rf8 18. Nb3 Nc5 19. Rfd1 Nxb3 20. axb3 Bc5+ 21. Kh1 a5 22. Qg4 Qc8 23. Bc2 Qe8 24. Rd2 Be3 25. Re2 d4 26. cxd4 Bxd4 27. Rd1 Bc5 28. Bf2 Bxf2 29. Rxf2 Bd5 30. f5 exf5 31. Rxf5 Qc6 32. Rxf8+ Rxf8 33. Qe2 h5 34. h3 Qc5 35. Rd2 h4 36. Qd3 Rf7 37. Qxd5 Qe3 38. Qd8+ Rf8 39. Qd5+ Kh8 40. Rd1 Qe2 41. Qd3 Qh5 42. Re1 Qh6 43. e6 Re8 44. e7 g5 1-0